KOHA-Header-6

Make Difficult People Disappear (Record no. 518)

000 -LEADER
fixed length control field 00308nam a2200121Ia 4500
008 - FIXED-LENGTH DATA ELEMENTS--GENERAL INFORMATION
fixed length control field 190722s9999 xx 000 0 und d
020 ## - INTERNATIONAL STANDARD BOOK NUMBER
International Standard Book Number 978-1-118-27380-7
100 ## - MAIN ENTRY--PERSONAL NAME
Personal name Monica Wofford
245 #0 - TITLE STATEMENT
Title Make Difficult People Disappear
260 ## - PUBLICATION, DISTRIBUTION, ETC. (IMPRINT)
Place of publication, distribution, etc Canada
Name of publisher, distributor, etc John Wiley & Sons
Date of publication, distribution, etc 2012
300 ## - PHYSICAL DESCRIPTION
Extent 196
942 ## - ADDED ENTRY ELEMENTS (KOHA)
Koha item type Books
Holdings
Withdrawn status Lost status Source of classification or shelving scheme Damaged status Not for loan Collection code Permanent Location Current Location Shelving location Date acquired Total Checkouts Total Renewals Full call number Barcode Date last seen Date checked out Price effective from Koha item type
          English Literature MAJU MAJU Shelf No.A14 2019-07-22 2 3 650.13 7144 2024-03-14 2024-02-28 2019-07-22 English Literature

Powered by Koha